LEADER 04283nam 22008415 450 001 9910670797203321 005 20231110225226.0 010 $a9783110546460 010 $a3110546469 024 7 $a10.1515/9783110546231 035 $a(CKB)3800000000216572 035 $a(DE-B1597)481497 035 $a(OCoLC)1004867344 035 $a(DE-B1597)9783110546231 035 $aEBL6978384 035 $a(AU-PeEL)EBL6978384 035 $a(oapen)https://directory.doabooks.org/handle/20.500.12854/49225 035 $a(MiAaPQ)EBC6978384 035 $a(Au-PeEL)EBL6978384 035 $a(oapen)doab49225 035 $a(EXLCZ)993800000000216572 100 $a20190723d2017 fg 101 0 $ager 135 $aur||||||||||| 181 $ctxt$2rdacontent 182 $cc$2rdamedia 183 $acr$2rdacarrier 200 10$aHermann Kurz und die 'Poesie der Wirklichkeit' $eStudien zum Frühwerk, Texte aus dem Nachlass /$fMatthias Slunitschek 205 $a1st ed. 210 $cDe Gruyter$d2017 210 1$aBerlin ;$aBoston : $cDe Gruyter, $d[2017] 210 4$d©2017 215 $a1 online resource (756 p.) 225 0 $aUntersuchungen zur deutschen Literaturgeschichte ;$v150 300 $aDescription based upon print version of record. 311 08$a9783110543230 311 08$a3110543230 311 08$a9783110546231 311 08$a311054623X 327 $tFrontmatter -- $tVorwort -- $tInhalt -- $tI. Einleitung -- $tII. ,Gemütspoesie' im Vormärz -- $tIII. Regionalität und Historizität -- $tIV. Stadtrepublikanische Gedächtniskultur als literarisches Paradigma -- $tV. Annäherungen an die schwäbische Geschichtslandschaft -- $tVI. Poetik und Programm -- $tVII. Quellen und Literatur -- $tVIII. Textanhang -- $tRegister 330 $aHermann Kurz (1813-1873) zählt mit seinen Romanen "Schillers Heimatjahre" und "Der Sonnenwirt" zu den Begründern des historischen, realistischen und sozialen Erzählens im deutschen Vormärz. Die Studie widmet sich aber dem bislang kaum gewürdigten Frühwerk, um die biographischen und ästhetischen Grundlagen sowie die Leit- und Entwicklungslinien des Autors nachzuzeichnen. Wie sich zeigt, stellt dieser frühe Werkkomplex (1828-1845) ein Schreibkontinuum quer durch fast alle Gattungen dar, mit beachtlichen Anteilen an Übersetzungen (aus mehreren europäischen Sprachen und dem Mittelhochdeutschen). Pionierhafte Textinterpretationen erschließen das Erzählverfahren und die Funktion insbesondere der frühen Erzählungen über Reutlingen, Tübingen und die Schwäbische Alb, aber auch der frühen Gedichte, Essays und literarhistorischen Arbeiten. Dabei werden Ansätze einer eigenständigen Poetik in Anschluss an die neuere (Schiller, Uhland, Schwab, Hauff, Mörike) und ältere Literatur (Gottfried von Straßburg, Grimmelshausen) deutlich. Der Editionsanhang präsentiert neben den Jugendgedichten die verschollene Endfassung der Meisternovelle "Die beiden Tubus". Die Arbeit wurde ausgezeichnet mit dem Gustav-Schwab-Preis 2017 des Schwäbischen Heimatbundes. 410 0$aUntersuchungen Zur Deutschen Literaturgeschichte 606 $aHermann Kurz 606 $aKurz, Hermann 606 $aPre-march 606 $aSchwaben /Literatur, Literaturgeschichte 606 $aSwabian literature 606 $aVormärz 606 $aliterary history 606 $aLITERARY CRITICISM / European / German$2bisacsh 610 $aHermann Kurz. 610 $aPre-march. 610 $aSwabian literature. 610 $aliterary history. 615 4$aHermann Kurz. 615 4$aKurz, Hermann. 615 4$aPre-march. 615 4$aSchwaben /Literatur, Literaturgeschichte. 615 4$aSwabian literature. 615 4$aVormärz. 615 4$aliterary history. 615 7$aLITERARY CRITICISM / European / German. 676 $a831/.7 676 $a831.7 700 $aSlunitschek$b Matthias, $0913019 702 $aSlunitschek$b Matthias, $4aut$4http://id.loc.gov/vocabulary/relators/aut 712 02$aKocher$4fnd$4http://id.loc.gov/vocabulary/relators/fnd 801 0$bDE-B1597 801 1$bDE-B1597 906 $aBOOK 912 $a9910670797203321 996 $aHermann Kurz und die 'Poesie der Wirklichkeit$92045210 997 $aUNINA LEADER 01403nas 2200421 c 450 001 9910894999903321 005 20260218111619.0 035 $a(CKB)3790000000120526 035 $a(DE-599)ZDB2484035-X 035 $a(OCoLC)85426166 035 $a(OCoLC)643762750 035 $a(DE-101)993093809 035 $a(DE-599)2484035-X 035 $a(EXLCZ)993790000000120526 100 $a20090310a20019999 |y | 101 0 $ager 135 $aur||||||||||| 181 $ctxt$2rdacontent 182 $cc$2rdamedia 183 $acr$2rdacarrier 200 10$aStatistische Berichte / Hessisches Statistisches Landesamt$hB$hVI$h6$i˜Derœ Strafvollzug in Hessen$hTeil 1$iStrafgefangene und Sicherungsverwahrte in den Justizvollzugsanstalten : Stichtagserhebung zum .. 210 31$aWiesbaden$cHessisches Statistisches Landesamt$d2001- 215 $aOnline-Ressource 225 0 $3Ab 2003$aStatistik Hessen 300 $aGesehen am 25.09.2017 300 $aFru?here Jahrga?nge online nicht mehr verfu?gbar 517 $aStatistische Berichte / B / 6 / 6 / 1 608 $aZeitschrift$2gnd-content 608 $aStatistik$2gnd-content 610 $aJustizvollzug$aStrafvollzug$aStrafgefangener 676 $a340 801 0$b0030 801 1$bDE-101 801 2$b9001 906 $aJOURNAL 912 $a9910894999903321 996 $aStatistische Berichte$91920339 997 $aUNINA